000 00613cam a2200217 i 4500
001 2708010
005 20180213042929.0
008 770111s1977 caua b 001 0 eng
010 _a 76043427
020 _a0876206356
040 _aDLC
_cDLC
_dDLC
041 _aeng
080 _a658.4
082 0 0 _a658.4 IVA
100 1 _a54
101 _aLID
245 1 0 _aOrganizational behavior and performance /
_cby John M. Ivancevich, Andrew D. Szilagyi, Jr., Marc J. Wallace, Jr.
504 _aIncludes bibliographies and indexes.
906 _a7
_bcbc
_corignew
_d1
_eocip
_f19
_gy-gencatlg
942 _2ddc
_cBK
999 _c42365
_d42365